El signo y el garabato /

Guardado en:
Detalles Bibliográficos
Autor principal: Paz, Octavio (autor)
Formato: Libro
Idioma:Español
Publicado: México : Joaquín Mortiz, 1973, c1973
Colección:(Confrontaciones. Los Críticos)
Temas:
Etiquetas: Agrega una etiqueta
Sin etiquetas, Sé el primero en etiquetar este registro!

MARC

LEADER 00000nam^a2200000^a^4500
001 000182289
005 20250521000000.0
009 20260310102000.616
025 |a Donación Ignacio González Luna, 1 ejemplar 
037 |a Acervo ITESO - Biblioteca 
041 |a ESP 
082 |a 864.  |b PAZ 
100 |a Paz, Octavio  |e (autor) 
245 1 3 |a El signo y el garabato /  |c O. Paz. 
264 4 |a México :  |b Joaquín Mortiz,  |c 1973, c1973 
300 |a 213 p. 
336 |a texto  |b txt  |2 rdacontenido 
337 |a sin mediación  |b n  |2 rdamedio 
338 |a volumen  |b nc  |2 rdasoporte 
440 1 |a (Confrontaciones.  |p Los Críticos) 
545 0 |a Octavio Paz [Lozano] (1914-1998), poeta y ensayista mexicano, es una de las figuras intelectuales de mayor prestigio en la literatura hispanoamericana del siglo XX. Ejerció la diplomacia, retirándose del servicio exterior en protesta por la matanza de Tlatelolco, aunque nunca dejó de ofrecer su interpretación de la realidad mexicana. El Premio Cervantes (1981) y el Nobel de Literatura (1990), son los más importantes, entre los muchos premios que obtuvo. Obra poética: Piedra de sol (1957); Libertad bajo palabra (1949 y 1960 como compilación de obra poética 1935-1958); Salamandra (1962); Blanco (1967); Topoemas (1968); Ladera este (1969) y El mono gramático (1974), entre otras. En prosa algunos de sus títulos son: El laberinto de la soledad (1950); El arco y la lira (1956); Las peras del olmo (1957); Cuadrivio (1965); Corriente alterna (1967); Conjunciones y disyunciones (1969), Posdata (1970) y Sor Juana Inés de la Cruz o las trampas de la fe (1982). 
561 |a Ex libris de Ignacio González Luna 
586 |a Premio Nobel de Literatura 1913: Biografías, crítica e interpretación 
586 |a Premio Nobel de Literatura 1990 
586 |a Premio Miguel de Cervantes 1981 
586 |a Premio Nacional de Ciencias y Artes, categoría Bellas Artes (15°: 1964), ex aequo: Biografías, crítica e interpretación 
586 |a Premio Nacional de Ciencias y Artes, categoría Bellas Artes (29°: 1978): Biografías, crítica e interpretación 
586 |a Premio Nacional de Ciencias y Artes, categoría Lingüística y Literatura (28°: 1977) 
649 |a XX 
650 |a Ensayos Mexicanos 
650 |a Literatura Mexicana -  |y Siglo XX 
650 |a Literatura -  |x Historia y Crítica 
650 |a Arte -  |x Historia y Crítica 
650 |a Baudelaire, Charles 
650 |a Gerzso, Gunther 
650 |a Mallarmé, Stéphane 
650 |a Pound, Ezra 
650 |a Reverdy, Pierre 
650 |a Roubaud, Jacques 
650 |a Tagore, Rabindranath 
650 |a Tamayo, Rufino 
650 |a Williams, Carlos William 
600 |a Deniz, Gerardo 
600 |a Tablada, José Juan 
910 |a Fondo Ignacio González Luna Morfín 
920 |a Impresos - Libros 
930 |a Fondos Especiales 
940 |a Literatura 
905 |a 136 
901 |a 0500121984  |b IT2  |c ESP  |u 20250521 
902 |a https://opac.biblio.iteso.mx/vufind/Record/000182289